00949nam a2200241Ia 4500001000600000003000900006008004100015040001300056040001300069041001300082100001600095100002900111245004700140245003200187250001100219260001000230260001100240260004900251300005900300500028900359650002800648650003100676B3189IT-RoPAU130308s9999 xx 000 0 und d aIT-RoPAU cIT-RoPAU aFRANCESE aThalmann D. gCodice Aut. SPICS: 37485 aSynthese et animation des images realistes bInfographie et Applications a1a ed. aPARIS bMasson c1988 [1° Ed.:1988 - Ed.Ling.Originale:1988] a"30 p. (prefazione: no ; testo: 30 [pagine: 295-324])" aSintesi e Animazione delle immagini Realiste. immagine Sintetiche. Luce Sintetica. Modelli D'Illuminazione. ripartizione della Luce Sulle Superfici. Trasparenza. Struttura della Luce. simulazione dei Fenomeni Naturali. Animazione con Il Computer. Animazione Algoritmica. Bibliografia. aTEORIA DELL'INFORMATICA eCodice materia Spics: 4203